00584nam a2200169Ia 450000500170000000800410001702000150005808200130007310000150008624500870010126000360018830000130022450000620023794200060029995200940030599900150039920250130040012.0240331s9999 xx 000 0 und d a8185107122 bWEWa954 aLalita, K. 0aWe were making history :blife stories of women in the Telangana People's Struggle aNew DelhibKali For Womenc1989 a290 p ., aLife Stories of women in the Telangana People's Struggle. cL 001040708LaWERCLbWERCLcSSCd2024-03-31l0o 954 WEWp607r2024-03-31w2024-03-31yL c3498d3498